000 00224nam a2200097 4500
100 _aFergusson, James
245 _aEncyclopedia of World Architecture
260 _aIndia:
_bAryan Books,
_c1998.
300 _a347p. ;
942 _cBK
999 _c8702
_d8702